|
|
|
|
| LEADER |
01118nam a2200277 a 4500 |
| 001 |
36682 |
| 003 |
BD-DhAAL |
| 005 |
20191121105714.0 |
| 008 |
191121r20051999nyua 001 0 eng |
| 999 |
|
|
|c 41875
|d 41875
|
| 010 |
|
|
|a 2007906848
|
| 020 |
|
|
|a 9788178220659
|
| 020 |
|
|
|a 8178220652
|
| 040 |
|
|
|a DLC
|c DLC
|d BD-DhAAL
|
| 050 |
0 |
0 |
|a BQ4022
|b .K44 2008
|
| 082 |
|
|
|a 294.3
|2 20
|
| 100 |
0 |
|
|a Kelsang Gyatso,
|d 1931-
|9 37506
|
| 245 |
1 |
0 |
|a Introduction to Buddhism :
|b an explanation of the Buddhist way of life /
|c Geshe Kelsang Gyatso.
|
| 260 |
|
|
|a Glen Spey, N.Y. ;
|a Delhi :
|b Tharpa Publications,
|b New Age Books,
|c 1999 [Reprint 2005]
|
| 300 |
|
|
|a xii, 146 pages :
|b illustrations ;
|c 21 cm.
|
| 504 |
|
|
|a Includes bibliographical references and index.
|
| 526 |
|
|
|a ESS
|
| 541 |
|
|
|a Complimentary copy from Professor Dr. Nasreen Khundker.
|e 36682
|
| 650 |
|
0 |
|a Buddhism.
|9 37507
|
| 942 |
|
|
|2 ddc
|c BK
|
| 952 |
|
|
|0 0
|1 0
|2 ddc
|4 0
|6 294_300000000000000_KEL
|7 0
|9 67251
|a BRACUL
|b BRACUL
|c GEN
|d 2019-11-21
|e Complimentary copy from Professor Dr. Nasreen Khundker.
|l 5
|m 29
|o 294.3 KEL
|p 3010036682
|r 2025-06-17
|s 2025-04-15
|w 2019-11-21
|y BK
|